[Event "Oslo Chess Festival 2017 "]
[Site "Quality Hotel Expo, Fornebu"]
[Date "2017.09.29"]
[Round "10.1"]
[White "Arvola, Benjamin"]
[Black "Vovk, Andriy"]
[Result "1/2-1/2"]
[WhiteElo "2458"]
[BlackElo "2622"]
[PlyCount "24"]
[EventDate "2017.??.??"]

1. d4 Nf6 2. c4 g6 3. Nc3 Bg7 4. e4 d6 5. Nf3 O-O 6. Be2 e5 7. O-O Na6 8. Re1
c6 9. Bf1 exd4 10. Nxd4 Ng4 11. h3 Qb6 12. hxg4 Qxd4 1/2-1/2

[Event "Oslo Chess Festival 2017 "]
[Site "Quality Hotel Expo, Fornebu"]
[Date "2017.09.29"]
[Round "10.2"]
[White "Xu, Yi"]
[Black "Li, Di"]
[Result "1/2-1/2"]
[WhiteElo "2439"]
[BlackElo "2459"]
[PlyCount "58"]
[EventDate "2017.??.??"]

1. e4 e5 2. Nf3 Nf6 3. Nxe5 d6 4. Nf3 Nxe4 5. d4 d5 6. Bd3 Nc6 7. O-O Be7 8. c4
Nb4 9. cxd5 Nxd3 10. Qxd3 Qxd5 11. Re1 Bf5 12. g4 Bg6 13. Nc3 Nxc3 14. Qxc3 f6
15. Qxc7 O-O 16. Rxe7 Qxf3 17. Rxg7+ Kh8 18. Bh6 Qxg4+ 19. Qg3 Qxd4 20. Rxg6
hxg6 21. Bxf8 Rxf8 22. Re1 Kg7 23. Re7+ Rf7 24. Rxf7+ Kxf7 25. Qb3+ Kf8 26.
Qxb7 Qd1+ 27. Kg2 Qg4+ 28. Kf1 Qd1+ 29. Kg2 Qg4+ 1/2-1/2

[Event "Oslo Chess Festival 2017 "]
[Site "Quality Hotel Expo, Fornebu"]
[Date "2017.09.29"]
[Round "9.5"]
[White "Gajewski, Grzegorz"]
[Black "Pigott, John C"]
[Result "1/2-1/2"]
[WhiteElo "2630"]
[BlackElo "2408"]
[PlyCount "70"]
[EventDate "2017.??.??"]

1. c4 g6 2. Nc3 c5 3. g3 Bg7 4. Bg2 Nc6 5. Nf3 e6 6. h4 Nf6 7. d4 cxd4 8. Nxd4
d5 9. cxd5 Nxd5 10. Nxc6 bxc6 11. Bd2 Rb8 12. Qc1 Qb6 13. Rb1 O-O 14. b3 Rd8
15. Na4 Qb5 16. Bf1 Nb4 17. a3 Qd5 18. Rh2 Na6 19. Bg2 Qd6 20. h5 c5 21. hxg6
hxg6 22. Bh6 Be5 23. Nc3 Bb7 24. Bxb7 Rxb7 25. Ne4 Qd5 26. Bg5 Qxe4 27. Bxd8 c4
28. Rh4 Qg2 29. e3 Rd7 30. Rxc4 Bxg3 31. fxg3 Qg1+ 32. Ke2 Qg2+ 33. Ke1 Qxg3+
34. Kf1 Qf3+ 35. Kg1 Qg3+ 1/2-1/2

[Event "Oslo Chess Festival 2017 "]
[Site "Quality Hotel Expo, Fornebu"]
[Date "2017.09.29"]
[Round "9.1"]
[White "Vovk, Andriy"]
[Black "Chatalbashev, Boris"]
[Result "1-0"]
[WhiteElo "2622"]
[BlackElo "2537"]
[PlyCount "91"]
[EventDate "2017.??.??"]

1. e4 g6 2. d4 Bg7 3. Nc3 d6 4. Be3 c6 5. g3 Nf6 6. h3 O-O 7. Bg2 e5 8. Nge2 b5
9. dxe5 dxe5 10. Qxd8 Rxd8 11. Nc1 Nbd7 12. Nb3 a5 13. a4 b4 14. Nb1 c5 15.
N1d2 Bb7 16. f3 Nh5 17. Bf2 f5 18. Nc4 fxe4 19. fxe4 Nhf6 20. Nbxa5 Bxe4 21.
Bxe4 Nxe4 22. Rd1 Rf8 23. O-O Nb6 24. Nxb6 Rxa5 25. b3 Ra6 26. Nd7 Nxf2 27.
Rxf2 Rd8 28. Rfd2 c4 29. Nf6+ Bxf6 30. Rxd8+ Bxd8 31. Rxd8+ Kf7 32. Rb8 Ke6 33.
Rxb4 cxb3 34. cxb3 Kd5 35. Kf2 Rc6 36. a5 Rc2+ 37. Ke1 Rc6 38. Ke2 Rc2+ 39. Kd1
Rf2 40. a6 Kc5 41. a7 Kxb4 42. a8=Q Rh2 43. Qa4+ Kc3 44. Qc4+ Kb2 45. b4 Rxh3
46. b5 1-0

[Event "Oslo Chess Festival 2017 "]
[Site "Quality Hotel Expo, Fornebu"]
[Date "2017.09.29"]
[Round "9.6"]
[White "Maze, Sebastien"]
[Black "Vogt, Lothar"]
[Result "1-0"]
[WhiteElo "2614"]
[BlackElo "2401"]
[PlyCount "79"]
[EventDate "2017.??.??"]

1. e4 c5 2. Nf3 e6 3. c4 Nc6 4. Nc3 Nf6 5. Be2 d5 6. exd5 exd5 7. d4 Be6 8. Be3
dxc4 9. Qa4 Qa5 10. Qxa5 Nxa5 11. O-O-O cxd4 12. Nxd4 Bc5 13. Na4 Bxd4 14. Bxd4
b6 15. Bf3 O-O-O 16. Nc3 Rd7 17. Rd2 Rhd8 18. Rhd1 Bf5 19. Bxf6 gxf6 20. Nd5
Bd3 21. Nxf6 Re7 22. Nd5 Red7 23. Nb4 Bf5 24. Nd5 Bd3 25. Nf4 Bf5 26. Rd5 Rxd5
27. Rxd5 Rxd5 28. Bxd5 Bg6 29. h4 h6 30. g4 Kd7 31. h5 Bh7 32. Bxf7 Kd6 33. Nh3
b5 34. g5 hxg5 35. Nxg5 Ke7 36. Bd5 Bf5 37. Ne4 Kf8 38. h6 Bd7 39. Nd6 Bc6 40.
Nf5 1-0

[Event "Oslo Chess Festival 2017 "]
[Site "Quality Hotel Expo, Fornebu"]
[Date "2017.09.29"]
[Round "9.7"]
[White "Stark, Lars"]
[Black "Cornette, Matthieu"]
[Result "0-1"]
[WhiteElo "2397"]
[BlackElo "2602"]
[PlyCount "133"]
[EventDate "2017.??.??"]

1. c4 e5 2. Nc3 Nc6 3. Nf3 Nf6 4. e3 Be7 5. d4 exd4 6. Nxd4 Bb4 7. Nde2 Ne4 8.
Bd2 Ne5 9. Qc2 Nxd2 10. Qxd2 O-O 11. Nf4 Re8 12. Be2 a5 13. O-O Ra6 14. a3 Bf8
15. Nb5 a4 16. Nd4 Bc5 17. Rad1 d6 18. Nd5 c6 19. Nc3 Bg4 20. Qc2 Bxe2 21.
Ncxe2 Qh4 22. Nf4 g6 23. Rd2 Ra5 24. Rc1 Ng4 25. Nf3 Qh6 26. Re1 Nxe3 27. Qc3
Raa8 28. Nd3 Nf5 29. Rde2 Rxe2 30. Rxe2 Qg7 31. Qc2 Qf6 32. Re4 Ng7 33. Qe2 Ne6
34. h4 Bb6 35. g3 Ra5 36. Kg2 h5 37. Nf4 Nxf4+ 38. Rxf4 Rf5 39. Re4 Kg7 40. Re8
Bd4 41. Nxd4 Qxd4 42. Re3 Re5 43. Rxe5 Qxe5 44. Qc2 b5 45. cxb5 cxb5 46. Kf1 d5
47. Qd2 Qe4 48. Qc3+ d4 49. Qb4 Qd3+ 50. Ke1 Qc4 51. Qd2 Qe6+ 52. Kd1 Qe4 53.
Qb4 Qd3+ 54. Ke1 Kg8 55. Qd2 Qe4+ 56. Kd1 Kg7 57. Qb4 Qf3+ 58. Ke1 Qd3 59. Qd6
Qb1+ 60. Kd2 Qxb2+ 61. Kd3 Qxf2 62. Qxd4+ Qxd4+ 63. Kxd4 f5 64. Kc5 g5 65. hxg5
f4 66. gxf4 h4 67. Kd4 0-1

[Event "Oslo Chess Festival 2017 "]
[Site "Quality Hotel Expo, Fornebu"]
[Date "2017.09.29"]
[Round "9.2"]
[White "Li, Di"]
[Black "Urkedal, Frode Olav Olsen"]
[Result "1/2-1/2"]
[WhiteElo "2459"]
[BlackElo "2570"]
[PlyCount "46"]
[EventDate "2017.??.??"]

1. d4 Nf6 2. Nf3 e6 3. g3 d5 4. c4 Be7 5. Bg2 O-O 6. b3 dxc4 7. bxc4 c5 8. O-O
Nc6 9. e3 Na5 10. Nbd2 Qc7 11. Bb2 b6 12. dxc5 Bb7 13. cxb6 axb6 14. Qe2 Rac8
15. Be5 Qc6 16. Rfb1 Nd7 17. Ne1 Qa4 18. Bxb7 Nxb7 19. Bd4 Na5 20. Qd1 Qc6 21.
Qf3 Nxc4 22. Qxc6 Rxc6 23. Nxc4 Rxc4 1/2-1/2

[Event "Oslo Chess Festival 2017 "]
[Site "Quality Hotel Expo, Fornebu"]
[Date "2017.09.29"]
[Round "9.8"]
[White "Devereaux, Maxim L"]
[Black "Blomqvist, Erik"]
[Result "1/2-1/2"]
[WhiteElo "2357"]
[BlackElo "2521"]
[PlyCount "103"]
[EventDate "2017.??.??"]

1. c4 Nf6 2. g3 e6 3. Bg2 d5 4. d4 g6 5. Nf3 Bg7 6. O-O O-O 7. Na3 b6 8. cxd5
exd5 9. Bg5 c6 10. Qc1 Re8 11. Re1 Bb7 12. Ne5 Qd6 13. Qf4 Qe6 14. Bxf6 Qxf6
15. Qxf6 Bxf6 16. e4 dxe4 17. Nac4 Rd8 18. Rad1 Na6 19. Bxe4 Nb4 20. a3 Nd5 21.
Rc1 Rac8 22. Bg2 h5 23. Nd2 Ne7 24. Ne4 Kg7 25. Nxf6 Kxf6 26. Red1 Nf5 27. Nxc6
Bxc6 28. Rxc6+ Rxc6 29. Bxc6 Nxd4 30. Ba4 Nf3+ 31. Kg2 Rxd1 32. Bxd1 Nd2 33.
Be2 Ke5 34. h4 Kd4 35. Bb5 Nc4 36. Kf1 Nd6 37. Ba4 b5 38. Bb3 Kd3 39. Ke1 Nc4
40. Bd1 a6 41. a4 bxa4 42. Bxa4 Nxb2 43. Be8 Nc4 44. Bxf7 Ne5 45. Be8 Ke4 46.
f4 Nd3+ 47. Kd2 Nxf4 48. gxf4 Kxf4 49. Bxg6 Kg4 50. Kc3 Kxh4 51. Kb4 Kg5 52.
Bxh5 1/2-1/2

[Event "Oslo Chess Festival 2017 "]
[Site "Quality Hotel Expo, Fornebu"]
[Date "2017.09.29"]
[Round "9.9"]
[White "Stany, G.A."]
[Black "Efroimski, Marsel"]
[Result "1-0"]
[WhiteElo "2491"]
[BlackElo "2331"]
[PlyCount "69"]
[EventDate "2017.??.??"]

1. c4 b6 2. Nc3 Bb7 3. e4 e5 4. Nf3 Nc6 5. g3 Bc5 6. Bg2 d6 7. O-O Nge7 8. d3
O-O 9. a3 a5 10. Rb1 Nd4 11. Ng5 Nec6 12. Nd5 b5 13. b4 axb4 14. axb4 Ba7 15.
Qh5 h6 16. Nh3 Ne7 17. Kh1 Nxd5 18. cxd5 Qf6 19. g4 g5 20. Ng1 Qg6 21. Qxg6+
fxg6 22. h4 Bb6 23. hxg5 hxg5 24. Bxg5 Ra3 25. f4 exf4 26. Bxf4 Rxd3 27. Bh6
Rxf1 28. Rxf1 Nc2 29. Nh3 Ne3 30. Rf8+ Kh7 31. Rf7+ Kh8 32. Bf3 Ra3 33. Ng5 Ra8
34. Rh7+ Kg8 35. Rg7+ 1-0

[Event "Oslo Chess Festival 2017 "]
[Site "Quality Hotel Expo, Fornebu"]
[Date "2017.09.29"]
[Round "9.3"]
[White "Arvola, Benjamin"]
[Black "Bartholomew, John"]
[Result "1-0"]
[WhiteElo "2458"]
[BlackElo "2449"]
[PlyCount "125"]
[EventDate "2017.??.??"]

1. d4 d5 2. c4 c6 3. Nf3 Nf6 4. Nc3 dxc4 5. a4 Bf5 6. e3 e6 7. Bxc4 Bb4 8. O-O
Nbd7 9. Qe2 Bg6 10. e4 Bxc3 11. bxc3 Nxe4 12. Ba3 Qc7 13. Rfc1 a6 14. Nh4 Nef6
15. a5 c5 16. Qe3 O-O 17. Nxg6 hxg6 18. Be2 Nd5 19. Qd2 Rfd8 20. Bf3 Qxa5 21.
Bxc5 Qc7 22. c4 N5f6 23. Be7 Rdc8 24. Rab1 Ra7 25. c5 Nd5 26. Bd6 Qc6 27. h4
N7f6 28. Be5 Qe8 29. g4 a5 30. h5 Nd7 31. Bg3 Nf8 32. h6 Nh7 33. hxg7 Qd8 34.
Kg2 Qg5 35. Qxg5 Nxg5 36. Bxd5 exd5 37. Be5 Rc6 38. Rh1 f6 39. Bb8 Ra8 40. Rxb7
Nf7 41. Re1 Rc8 42. Ba7 a4 43. Ree7 a3 44. Re3 a2 45. Ra3 Nd8 46. Rd7 Ne6 47.
Rxa2 Nxd4 48. Ra1 Rd8 49. Rb7 Ne6 50. Rh1 Nxg7 51. Rh6 Rf8 52. c6 Rf7 53. c7
Rc8 54. Bb6 Ne6 55. Rb8 Rff8 56. Rxg6+ Kf7 57. Rxc8 Rxc8 58. Rh6 d4 59. Kf3 Kg7
60. Rh5 d3 61. Rd5 d2 62. Rxd2 Ng5+ 63. Kg2 1-0

[Event "Oslo Chess Festival 2017 "]
[Site "Quality Hotel Expo, Fornebu"]
[Date "2017.09.29"]
[Round "9.10"]
[White "Ã~stenstad, Berge"]
[Black "Chu, Wei Chao"]
[Result "0-1"]
[WhiteElo "2447"]
[BlackElo "2340"]
[PlyCount "89"]
[EventDate "2017.??.??"]

1. d4 Nf6 2. c4 c5 3. d5 e6 4. Nc3 exd5 5. cxd5 d6 6. Nf3 g6 7. Nd2 Bg7 8. e4
O-O 9. Be2 Re8 10. O-O Na6 11. f3 Nc7 12. a4 b6 13. Nc4 Ba6 14. Bg5 h6 15. Be3
Rb8 16. Qd2 Kh7 17. Rab1 b5 18. axb5 Nxb5 19. Nxb5 Bxb5 20. b4 Bxc4 21. Bxc4
Nd7 22. bxc5 Nxc5 23. Bxc5 dxc5 24. Qd3 Qd6 25. f4 Rxb1 26. Qxb1 Rb8 27. Qd3
Bd4+ 28. Kh1 f6 29. Bb5 a5 30. Bc6 Kg7 31. g3 h5 32. Re1 h4 33. Kg2 Qc7 34. Re2
Qc8 35. h3 Qc7 36. Ra2 Rb4 37. Re2 a4 38. e5 Rb3 39. Qe4 Rxg3+ 40. Kh2 Qb8 41.
exf6+ Bxf6 42. Bxa4 c4 43. Rg2 Qa7 44. Bc2 Qa3 45. Qxc4 0-1

[Event "Oslo Chess Festival 2017 "]
[Site "Quality Hotel Expo, Fornebu"]
[Date "2017.09.29"]
[Round "9.4"]
[White "Haug, Johannes"]
[Black "Xu, Yi"]
[Result "1/2-1/2"]
[WhiteElo "2379"]
[BlackElo "2439"]
[PlyCount "48"]
[EventDate "2017.??.??"]

1. d4 Nf6 2. c4 e6 3. Nf3 d5 4. Nc3 Bb4 5. Qb3 c5 6. dxc5 Na6 7. a3 Bxc3+ 8.
Qxc3 Nxc5 9. cxd5 Qxd5 10. Be3 Nce4 11. Qe5 Qxe5 12. Nxe5 Nd5 13. Bc1 Bd7 14.
f3 Nc5 15. e4 Nb3 16. Rb1 Nb6 17. Be3 Rc8 18. Bxb6 axb6 19. Nc4 Rc6 20. Rd1 Ke7
21. Ne5 Rc7 22. Rxd7+ Rxd7 23. Nxd7 Kxd7 24. Bc4 Nd4 1/2-1/2

[Event "Oslo Chess Festival 2017 "]
[Site "Quality Hotel Expo, Fornebu"]
[Date "2017.09.29"]
[Round "9.17"]
[White "Mikalsen, Erlend"]
[Black "Li, Xueyi"]
[Result "1-0"]
[WhiteElo "2322"]
[BlackElo "2157"]
[PlyCount "71"]
[EventDate "2017.??.??"]

1. e4 c6 2. d4 d5 3. e5 c5 4. c3 Nc6 5. Be2 Bf5 6. Nf3 e6 7. O-O Nge7 8. dxc5
Ng6 9. Nd4 Bxb1 10. Rxb1 Bxc5 11. f4 O-O 12. Be3 f5 13. b4 Nxd4 14. cxd4 Bb6
15. a4 a6 16. a5 Ba7 17. Qd2 Rf7 18. b5 axb5 19. Rxb5 Rc7 20. Rfb1 Qc8 21. Qb4
Rc2 22. Bf1 Rc3 23. Bd2 Rc7 24. Be3 Rc3 25. Bf2 Nxf4 26. Rxb7 Ng6 27. h4 h5 28.
a6 Rc2 29. Rb3 f4 30. Bd3 Rc1+ 31. Kh2 Nxe5 32. dxe5 Bxf2 33. Qxf4 Bg1+ 34. Kh3
Rc7 35. Rxc7 Qxc7 36. Rb7 1-0

[Event "Oslo Chess Festival 2017 "]
[Site "Quality Hotel Expo, Fornebu"]
[Date "2017.09.29"]
[Round "9.11"]
[White "Risting, Eivind Olav"]
[Black "Tryggestad, Andreas G"]
[Result "0-1"]
[WhiteElo "2322"]
[BlackElo "2302"]
[PlyCount "78"]
[EventDate "2017.??.??"]

1. Nf3 Nf6 2. c4 g6 3. Nc3 d5 4. cxd5 Nxd5 5. Qb3 Nb6 6. d4 Bg7 7. Bf4 O-O 8.
Rd1 c6 9. e4 Be6 10. d5 cxd5 11. exd5 Bg4 12. Be2 N8d7 13. O-O Nc5 14. Qb5 Rc8
15. d6 Bxc3 16. bxc3 Re8 17. h3 Bd7 18. Qb4 exd6 19. Bxd6 Rxe2 20. Bxc5 Qc7 21.
Bxb6 axb6 22. a3 Rc2 23. Ng5 Bc6 24. Rfe1 Rd8 25. Rxd8+ Qxd8 26. Qf4 Qd5 27.
Ne4 Qf5 28. Qxf5 gxf5 29. Nd6 Rxc3 30. Nxf5 Rxa3 31. Rd1 Ra8 32. g4 b5 33. Rb1
Rd8 34. Rc1 Kf8 35. Kf1 Be4 36. Ne3 b4 37. Ke1 b3 38. Nc4 Rc8 39. Kd2 Rxc4 0-1

[Event "Oslo Chess Festival 2017 "]
[Site "Quality Hotel Expo, Fornebu"]
[Date "2017.09.29"]
[Round "9.12"]
[White "Gabrielsen, Stig"]
[Black "Rishovd, Svein"]
[Result "1-0"]
[WhiteElo "2314"]
[BlackElo "2109"]
[PlyCount "77"]
[EventDate "2017.??.??"]

1. e4 e6 2. d4 d5 3. Nc3 Bb4 4. e5 c5 5. a3 Ba5 6. b4 cxd4 7. Qg4 Kf8 8. bxa5
dxc3 9. Nf3 Nd7 10. a4 Ne7 11. Ba3 Kg8 12. Bd3 Ng6 13. Qg3 Qxa5 14. h4 Nc5 15.
h5 Nxd3+ 16. cxd3 Nf8 17. h6 Ng6 18. hxg7 Kxg7 19. Be7 c2+ 20. Ke2 Bd7 21. Bf6+
Kg8 22. Bxh8 Kxh8 23. Ng5 Qc3 24. Nxf7+ Kg7 25. Qg5 Kxf7 26. Rxh7+ Ke8 27.
Qxg6+ Kd8 28. Qg7 Qc6 29. Rc1 Rc8 30. Qe7+ Kc7 31. a5 d4 32. g3 Rd8 33. Rh4 Qc3
34. Qd6+ Kc8 35. Rxd4 Qxa5 36. Rxc2+ Bc6 37. Qxe6+ Kb8 38. Rxd8+ Qxd8 39. Qd6+
1-0

[Event "Oslo Chess Festival 2017 "]
[Site "Quality Hotel Expo, Fornebu"]
[Date "2017.09.29"]
[Round "9.13"]
[White "Zhao, Shengxin"]
[Black "Kvisvik, Brede Alex"]
[Result "1/2-1/2"]
[WhiteElo "2113"]
[BlackElo "2296"]
[PlyCount "104"]
[EventDate "2017.??.??"]

1. d4 Nf6 2. c4 e6 3. g3 d5 4. Bg2 Be7 5. Nf3 O-O 6. O-O dxc4 7. Qc2 b6 8. Bg5
Nd5 9. Bxe7 Qxe7 10. Qxc4 Ba6 11. Qc2 c5 12. dxc5 Rc8 13. Re1 Rxc5 14. Qd1 Nc6
15. Nbd2 Ncb4 16. Nd4 Rac8 17. N2b3 Rc4 18. e4 Nf6 19. Bf1 R4c7 20. Bxa6 Nxa6
21. Qe2 Nc5 22. e5 Nxb3 23. Nxb3 Nd5 24. Rac1 Qg5 25. h4 Qg6 26. Kh2 h6 27.
Rxc7 Rxc7 28. Rc1 Rxc1 29. Nxc1 Qb1 30. Qd2 Qe4 31. Qe2 Qb1 32. Qd2 a5 33. a3
Qf5 34. Qe2 g5 35. hxg5 Qxg5 36. Nd3 h5 37. f4 Qf5 38. Nf2 Kg7 39. Qe4 Kg6 40.
b3 Nc3 41. Qd4 Nd5 42. Qe4 b5 43. Kg2 b4 44. axb4 axb4 45. Kf3 f6 46. exf6 Nxf6
47. Qxb4 Qd5+ 48. Ke2 Qg2 49. Qd4 Kf7 50. Qa7+ Kg6 51. Qd4 Kf7 52. Qa7+ Kg6
1/2-1/2

[Event "Oslo Chess Festival 2017 "]
[Site "Quality Hotel Expo, Fornebu"]
[Date "2017.09.29"]
[Round "9.18"]
[White "LindbÃ¸l, Aleksander"]
[Black "Dolzhykova, Kateryna"]
[Result "0-1"]
[WhiteElo "2006"]
[BlackElo "2270"]
[PlyCount "112"]
[EventDate "2017.??.??"]

1. c4 e5 2. g3 Nf6 3. Bg2 d5 4. cxd5 Nxd5 5. Nf3 Nc6 6. Nc3 Nb6 7. O-O Be7 8.
b3 Be6 9. Bb2 Qd7 10. Rc1 O-O 11. d4 exd4 12. Nb5 Bd5 13. Nbxd4 Bf6 14. e3 a5
15. Qe2 Nxd4 16. Bxd4 Bxf3 17. Qxf3 Bxd4 18. Rfd1 c6 19. Rxd4 Qe7 20. Rcd1 a4
21. bxa4 Rxa4 22. Rxa4 Nxa4 23. Qg4 Nc5 24. Qb4 Qe5 25. Qd4 Qh5 26. Rc1 Ne6 27.
Qb6 Nd8 28. a4 h6 29. h3 Qe2 30. Bf1 Qd2 31. Rc4 Qa2 32. Kg2 Qa3 33. Qb4 Qxb4
34. Rxb4 Re8 35. Bc4 Kf8 36. Ba2 Re5 37. Kf3 Rf5+ 38. Rf4 Rc5 39. Bb1 Ke7 40.
h4 Rc1 41. Bf5 c5 42. Bd3 Nc6 43. Ke2 Ne5 44. Re4 Kd6 45. Bb5 Rc2+ 46. Ke1 Nf3+
47. Kd1 Rd2+ 48. Kc1 Rxf2 49. Re8 Ne5 50. Rb8 Kc7 51. Re8 Nc6 52. Rg8 g6 53.
Rh8 h5 54. Bc4 Ne5 55. Bd5 c4 56. Re8 Nd3+ 0-1

[Event "Oslo Chess Festival 2017 "]
[Site "Quality Hotel Expo, Fornebu"]
[Date "2017.09.29"]
[Round "9.14"]
[White "Hobber, Anders"]
[Black "Federovski, Adi"]
[Result "1-0"]
[WhiteElo "2264"]
[BlackElo "2030"]
[PlyCount "89"]
[EventDate "2017.??.??"]

1. d4 Nf6 2. Nf3 g6 3. c3 Bg7 4. Bg5 d5 5. Nbd2 O-O 6. e3 Nbd7 7. Be2 c6 8. O-O
Re8 9. b4 e5 10. Nb3 Qb6 11. Nfd2 Nf8 12. a3 Qc7 13. Bh4 exd4 14. cxd4 Ne4 15.
Nxe4 dxe4 16. Rc1 Qd6 17. Bg3 Qe7 18. Nc5 Be6 19. Nxe4 Red8 20. Nc5 Bd5 21. Bf3
f5 22. Nd3 Ne6 23. Bxd5 Rxd5 24. Qb3 a5 25. Nc5 Bf8 26. Na4 Ra6 27. Nc3 Rd7 28.
d5 cxd5 29. Nxd5 Qf7 30. b5 a4 31. Qc4 Ra5 32. Qc3 Rxd5 33. Qxa5 Nc5 34. Rcd1
Rxd1 35. Rxd1 Qb3 36. Qd8 Kf7 37. Bh4 Qc4 38. g3 Ne6 39. Qf6+ Ke8 40. Qe5 Kf7
41. Rd7+ Kg8 42. Qf6 Nc5 43. Rd8 Qf7 44. Qe5 Ne4 45. Be7 1-0

[Event "Oslo Chess Festival 2017 "]
[Site "Quality Hotel Expo, Fornebu"]
[Date "2017.09.29"]
[Round "9.16"]
[White "Vestby-Ellingsen, Mads"]
[Black "Huse, Sigurd KjelsbÃ¸l"]
[Result "1-0"]
[WhiteElo "2262"]
[BlackElo "1876"]
[PlyCount "51"]
[EventDate "2017.??.??"]

1. d4 d5 2. c4 c6 3. Nf3 Nf6 4. Qc2 a6 5. g3 Bg4 6. Bg2 e6 7. O-O Bd6 8. a4
Nbd7 9. Qb3 Rb8 10. Nc3 b6 11. Nd2 O-O 12. e4 dxe4 13. Ndxe4 Nxe4 14. Nxe4 Bc7
15. Re1 c5 16. d5 exd5 17. cxd5 b5 18. Bg5 Qc8 19. Be7 Re8 20. d6 Ba5 21. Ng5
c4 22. Qc2 g6 23. Bd5 Bf5 24. Bxf7+ Kg7 25. Qd1 h6 26. Qd4+ 1-0

[Event "Oslo Chess Festival 2017 "]
[Site "Quality Hotel Expo, Fornebu"]
[Date "2017.09.29"]
[Round "9.27"]
[White "Grindbakken, Erik"]
[Black "Lund, Gunnar"]
[Result "0-1"]
[WhiteElo "1675"]
[BlackElo "2244"]
[PlyCount "64"]
[EventDate "2017.??.??"]

1. e4 e5 2. Nf3 Nc6 3. Bb5 a6 4. Ba4 Nf6 5. O-O Be7 6. Re1 b5 7. Bb3 O-O 8. c3
d6 9. h3 Nb8 10. a4 Bb7 11. axb5 axb5 12. Rxa8 Bxa8 13. Bc2 Nbd7 14. Na3 Qb8
15. d4 Re8 16. d5 c6 17. dxc6 Bxc6 18. b4 Bf8 19. Nb1 Qb7 20. Nbd2 d5 21. exd5
Nxd5 22. Bb2 f6 23. Nf1 Nf4 24. Re3 Nb6 25. N1h2 Kh8 26. Qb1 Nc4 27. Re1 Nxh3+
28. gxh3 Bxf3 29. Bxh7 Bh5 30. Qf5 Qf7 31. Ng4 Nxb2 32. Nxe5 Rxe5 0-1

[Event "Oslo Chess Festival 2017 "]
[Site "Quality Hotel Expo, Fornebu"]
[Date "2017.09.29"]
[Round "9.19"]
[White "Myhrvold, Rune"]
[Black "SjÃ¸berg, Isak"]
[Result "1-0"]
[WhiteElo "2243"]
[BlackElo "2078"]
[PlyCount "68"]
[EventDate "2017.??.??"]

1. e4 c5 2. Nf3 e6 3. d4 cxd4 4. Nxd4 Nc6 5. Nc3 Qc7 6. g3 Nf6 7. Bg2 Be7 8.
O-O O-O 9. Ndb5 Qb8 10. Bf4 e5 11. Bg5 Ne8 12. Be3 a6 13. Na3 b5 14. Nd5 Bd8
15. c4 Nf6 16. c5 a5 17. Rc1 Nb4 18. Qb3 Nbxd5 19. exd5 a4 20. Qd3 Re8 21. Rfd1
e4 22. Qxb5 Ba6 23. Qxb8 Rxb8 24. c6 dxc6 25. dxc6 Rxb2 26. c7 Be7 27. Nc4 Rxa2
28. Nb6 a3 29. c8=Q Bxc8 30. Nxc8 Bb4 31. Nd6 Bxd6 32. Rxd6 Rb2 33. Rd2 Ra8 34.
Bf1 Rxd2 1-0

[Event "Oslo Chess Festival 2017 "]
[Site "Quality Hotel Expo, Fornebu"]
[Date "2017.09.29"]
[Round "9.20"]
[White "Ronneland, Daniel"]
[Black "Ingebretsen, Jens E"]
[Result "1-0"]
[WhiteElo "2218"]
[BlackElo "2062"]
[PlyCount "65"]
[EventDate "2017.??.??"]

1. e4 c5 2. Nf3 e6 3. d4 cxd4 4. Nxd4 Nc6 5. Nc3 Qc7 6. Be3 a6 7. Qd2 Nf6 8.
O-O-O Be7 9. f3 b5 10. g4 Nxd4 11. Bxd4 Bb7 12. Qg5 b4 13. Na4 h6 14. Qd2 O-O
15. Kb1 Bc6 16. Nb6 Rab8 17. Nc4 Rb5 18. h4 e5 19. Bf2 d5 20. Ne3 d4 21. Nf5
Bxe4 22. fxe4 Nxe4 23. Qe1 Nc3+ 24. bxc3 bxc3+ 25. Bxb5 Rb8 26. Bxd4 Rxb5+ 27.
Ka1 Bb4 28. Rb1 exd4 29. Qe8+ Kh7 30. Rxb4 Rxb4 31. Qf8 Qe5 32. Qxb4 d3 33. Qd4
1-0

[Event "Oslo Chess Festival 2017 "]
[Site "Quality Hotel Expo, Fornebu"]
[Date "2017.09.29"]
[Round "9.21"]
[White "Louis, Thibault"]
[Black "Vitenberg, Noam Aviv"]
[Result "1-0"]
[WhiteElo "2207"]
[BlackElo "1989"]
[PlyCount "67"]
[EventDate "2017.??.??"]

1. e4 c6 2. d4 d5 3. e5 Bf5 4. h4 h5 5. Bd3 Bxd3 6. Qxd3 e6 7. Bg5 Qb6 8. Nd2
c5 9. c4 Ne7 10. Ngf3 cxd4 11. O-O Nbc6 12. cxd5 Nxd5 13. Nc4 Qc7 14. Nxd4 Nxd4
15. Qxd4 Bc5 16. Qe4 O-O 17. Rac1 Qd7 18. Qf3 f6 19. exf6 gxf6 20. Bh6 Rf7 21.
Qxh5 Bf8 22. Qg6+ Kh8 23. Bxf8 Raxf8 24. Qe4 Rg8 25. g3 Rfg7 26. Qf3 e5 27.
Nxe5 Qe6 28. Nd3 Qh3 29. Qh5+ Rh7 30. Qxd5 Rxg3+ 31. fxg3 Qxg3+ 32. Qg2 Qe3+
33. Qf2 Qh3 34. Nf4 1-0

[Event "Oslo Chess Festival 2017 "]
[Site "Quality Hotel Expo, Fornebu"]
[Date "2017.09.29"]
[Round "9.22"]
[White "Taksrud, Vidar"]
[Black "Nordquelle, Daniel"]
[Result "0-1"]
[WhiteElo "1983"]
[BlackElo "2203"]
[PlyCount "114"]
[EventDate "2017.??.??"]

1. Nc3 c5 2. Nf3 Nf6 3. d4 cxd4 4. Nxd4 d5 5. Bf4 e6 6. e3 a6 7. Be2 Nc6 8. O-O
Bc5 9. Nxc6 bxc6 10. Bf3 Bb7 11. Na4 Ba7 12. c4 O-O 13. Qb3 Qe7 14. c5 Bb8 15.
Bg5 Be5 16. Rac1 Rab8 17. Qd3 Qc7 18. Bxf6 Bxf6 19. e4 Bc8 20. b3 Rb5 21. Rfe1
a5 22. exd5 exd5 23. Bxd5 g6 24. Bc4 Bf5 25. Qf3 Rbb8 26. g4 Bg5 27. gxf5 Bxc1
28. Rxc1 Qe7 29. f6 Qe5 30. Rd1 Qg5+ 31. Kh1 Rbd8 32. Rg1 Qe5 33. Nc3 Rd4 34.
Ne2 Rh4 35. Ng3 Rf4 36. Qxc6 Rxf2 37. Qd6 Qc3 38. Qd3 Qb2 39. Nf1 Qxf6 40. Rg2
Qc6 41. Ne3 Rxg2 42. Nxg2 Qxc5 43. Qf3 Qe5 44. a4 Kg7 45. Ne3 f5 46. Nd5 Re8
47. Qc3 g5 48. Qxe5+ Rxe5 49. Kg2 h5 50. Nb6 f4 51. Kf2 g4 52. Bb5 Re3 53. Nd5
Rxb3 54. Nxf4 Rf3+ 55. Kg2 Rxf4 56. Kg3 Rf3+ 57. Kh4 Kh6 0-1

[Event "Oslo Chess Festival 2017 "]
[Site "Quality Hotel Expo, Fornebu"]
[Date "2017.09.29"]
[Round "9.23"]
[White "Sousa, Ludy Helsio P"]
[Black "Nilsen, Tobias Lang"]
[Result "1-0"]
[WhiteElo "2171"]
[BlackElo "1899"]
[PlyCount "105"]
[EventDate "2017.??.??"]

1. e4 c5 2. Nf3 d6 3. d4 cxd4 4. Nxd4 Nf6 5. Nc3 a6 6. h3 e5 7. Nde2 Be6 8. g4
d5 9. exd5 Nxd5 10. Bg2 Nxc3 11. Qxd8+ Kxd8 12. Nxc3 Nc6 13. Be3 Kc7 14. Nd5+
Bxd5 15. Bxd5 f6 16. a4 Rd8 17. O-O-O Bb4 18. Be4 h6 19. h4 Ba5 20. g5 hxg5 21.
hxg5 Rxd1+ 22. Rxd1 Rh4 23. f3 Nd4 24. gxf6 gxf6 25. c3 Ne2+ 26. Kc2 Ng3 27.
Bg6 Rh2+ 28. Kb1 Rh1 29. Rxh1 Nxh1 30. b4 Bb6 31. Bh6 Nf2 32. a5 Ba7 33. Bg7
Nd1 34. Kc2 Ne3+ 35. Kb3 Nd5 36. Be4 Kd6 37. c4 Nc7 38. Bxf6 Ke6 39. Bd8 Kd7
40. Bf6 Ke6 41. Bg5 b6 42. Be3 bxa5 43. Bxa7 axb4 44. Kxb4 Ne8 45. Bb7 a5+ 46.
Kxa5 Nd6 47. Bd5+ Kf5 48. c5 Nc8 49. Bb8 Ne7 50. Be4+ Ke6 51. Kb6 Nc8+ 52. Kb7
Ne7 53. c6 1-0

[Event "Oslo Chess Festival 2017 "]
[Site "Quality Hotel Expo, Fornebu"]
[Date "2017.09.29"]
[Round "9.24"]
[White "GonzÃ les, Francisco Silva"]
[Black "Nielsen, Andre"]
[Result "1-0"]
[WhiteElo "2046"]
[BlackElo "2162"]
[PlyCount "117"]
[EventDate "2017.??.??"]

1. d4 Nf6 2. c4 e6 3. Nc3 Bb4 4. Qc2 O-O 5. a3 Bxc3+ 6. Qxc3 b6 7. Bg5 Bb7 8.
f3 h6 9. Bh4 d5 10. e3 c5 11. dxc5 bxc5 12. Nh3 d4 13. exd4 cxd4 14. Qd2 Nc6
15. Bd3 a5 16. b3 e5 17. O-O Qd6 18. c5 Qe6 19. Bc4 Qf5 20. Bd3 Qe6 21. Rfe1
Rae8 22. Nf4 Qxb3 23. Bxf6 exf4 24. Reb1 Qe6 25. Be4 gxf6 26. Rxb7 f5 27. Bxc6
Qxc6 28. Ra7 Qxc5 29. Rxa5 Re2 30. Qxe2 Qxa5 31. a4 Qc3 32. Rd1 Ra8 33. Qb5
Qe3+ 34. Kf1 Rc8 35. Qd3 Qxd3+ 36. Rxd3 Rc1+ 37. Ke2 Rc4 38. Ra3 Rc2+ 39. Kd3
Rxg2 40. a5 Rxh2 41. a6 Rf2 42. Kxd4 Rd2+ 43. Ke5 Rd8 44. a7 Ra8 45. Ra6 Kg7
46. Kxf4 Kh7 47. Kxf5 Kg7 48. f4 Kf8 49. Kf6 Ke8 50. Ra5 h5 51. Kg5 Ke7 52.
Kxh5 Kf6 53. Kg4 Rg8+ 54. Rg5 Ra8 55. Ra5 Rg8+ 56. Kf3 Ra8 57. Ke4 Kg6 58. Ke5
f6+ 59. Ke6 1-0